000 00582nam a22001937a 4500
003 OSt
008 260409b |||||||| |||| 00| 0 eng d
020 _a9789386200204
082 _a631.52
_bR31B
100 _aReddy, Venkata R. Prakash.
245 _aBreeding for Crop Improvement /
_cby Venkata R. Prakash Reddy
260 _a.- Delhi
_b: Satish Serial Publishing House
_c, 2020
300 _ax,242p.
650 _aTechnology (Applied Sciences)
650 _aAgriculture and Related Technologies
650 _aPlant Breeding
650 _aCrop Improvement
942 _2ddc
_cBK
999 _c50046
_d50046